| 000 | 00733nam a22001937a 4500 | ||
|---|---|---|---|
| 999 |
_c16193 _d16193 |
||
| 008 | 210624b ||||| |||| 00| 0 eng d | ||
| 020 | _a9786210400915 | ||
| 082 |
_22020 _aDFil 375.001 _bAl129 |
||
| 100 |
_aAlata, Elen Joy P., _dauthor. _943371 |
||
| 245 |
_aBuilding and enhancing new literacies across the curriculum/ _cElen Joy P. Alata, Eigen John T. Ignacio, Authors. |
||
| 250 | _aFirst Edition | ||
| 260 |
_aManila: _bRex Bookstore, _c©2020. |
||
| 300 |
_aiii, 120 pages: _billustrations; _c25 cm. |
||
| 500 | _aIncludes bibliographical references and index. | ||
| 650 |
_aCurriculum planning. _943375 |
||
| 650 |
_aCurriculum development. _943376 |
||
| 700 |
_aIgnacio, Eigen John T., _bauthor. _943377 |
||
| 942 |
_2ddc _cDFIL |
||